En la dispersión el texto es patria : (Record no. 27697)

MARC details
000 -LEADER
campo de control de longitud fija 00971ntaaa2200289 4500
003 - IDENTIFICADOR DE NÚMERO DE CONTROL
campo de control 01
005 - FECHA Y HORA DE LA ÚLTIMA TRANSACCIÓN
campo de control 20251027203225.0
008 - DATOS DE LONGITUD FIJA--INFORMACIÓN GENERAL
campo de control de longitud fija 0714s1973 ag 01
020 ## - NÚMERO INTERNACIONAL ESTÁNDAR DEL LIBRO
Número Internacional Estándar del Libro 9789977958408
040 ## - FUENTE DE CATALOGACIÓN
Centro catalogador/agencia de origen AR-BaBN
Lengua de catalogación spa
Centro/agencia transcriptor AR-BaBN
Normas de descripción aacr
Centro/agencia modificador RIC
082 ## - NÚMERO DE LA CLASIFICACIÓN DECIMAL DEWEY
Número de clasificación 220.63 W77d
100 ## - ENTRADA PRINCIPAL--NOMBRE DE PERSONA
Nombre de persona de Wit, Hans
9 (RLIN) 34383
245 ## - MENCIÓN DEL TÍTULO
Título En la dispersión el texto es patria :
Resto del título introducción a la hermenéutica clàsica, moderna y posmoderna /
Mención de responsabilidad, etc. Hans de Wit
250 ## - MENCION DE EDICION
Mención de edición 2a ed.
260 ## - PUBLICACIÓN, DISTRIBUCIÓN, ETC.
Lugar de publicación, distribución, etc. San José :
Nombre del editor, distribuidor, etc. Universidad Bíblica Latinoamericana,
Fecha de publicación, distribución, etc. 2011
300 ## - DESCRIPCIÓN FÍSICA
Extensión 557 p.
500 ## - NOTA GENERAL
Nota general La primera edición es del año 2002, editada en Buenos Aires por ISEDET
650 ## - PUNTO DE ACCESO ADICIONAL DE MATERIA--TÉRMINO DE MATERIA
Término de materia o nombre geográfico como elemento de entrada INTERPRETACION
9 (RLIN) 5520
650 ## - PUNTO DE ACCESO ADICIONAL DE MATERIA--TÉRMINO DE MATERIA
Término de materia o nombre geográfico como elemento de entrada HISTORIA
9 (RLIN) 175
650 ## - PUNTO DE ACCESO ADICIONAL DE MATERIA--TÉRMINO DE MATERIA
Término de materia o nombre geográfico como elemento de entrada LINGUISTICA
9 (RLIN) 11772
650 ## - PUNTO DE ACCESO ADICIONAL DE MATERIA--TÉRMINO DE MATERIA
Término de materia o nombre geográfico como elemento de entrada INTERPRETACION SOCIOLOGICA
9 (RLIN) 34384
650 ## - PUNTO DE ACCESO ADICIONAL DE MATERIA--TÉRMINO DE MATERIA
Término de materia o nombre geográfico como elemento de entrada IDEOLOGIA
9 (RLIN) 6939
650 ## - PUNTO DE ACCESO ADICIONAL DE MATERIA--TÉRMINO DE MATERIA
Término de materia o nombre geográfico como elemento de entrada DECONSTRUCTIVISMO
9 (RLIN) 34385
650 ## - PUNTO DE ACCESO ADICIONAL DE MATERIA--TÉRMINO DE MATERIA
Término de materia o nombre geográfico como elemento de entrada NUEVA CRITICA RETORICA
9 (RLIN) 34386
650 ## - PUNTO DE ACCESO ADICIONAL DE MATERIA--TÉRMINO DE MATERIA
Término de materia o nombre geográfico como elemento de entrada CRITICA DE LA RESPUESTA DEL LECTOR
9 (RLIN) 34387
942 ## - ELEMENTOS DE ENTRADA SECUNDARIOS (KOHA)
Tipo de ítem Koha Colección General
Holdings
Estatus retirado Estado de pérdida Estado de daño No para préstamo Biblioteca de origen Biblioteca actual Fecha de adquisición Número de inventario Total de préstamos Signatura topográfica completa Código de barras Visto por última vez Precio de reemplazo Tipo de ítem Koha
        Biblioteca Pluis Biblioteca Pluis 27/10/2025 044015   220.63 W77d 044015 27/10/2025 27/10/2025 RESERVADO
        Biblioteca Pluis Biblioteca Pluis 27/10/2025 044016   220.63 W77d 044016 27/10/2025 27/10/2025 RESERVADO